[Event "18th Delhi GM Open 2020"]
[Site "Delhi"]
[Date "2020.01.13"]
[Round "7.18"]
[White "Neverov, Valeriy"]
[Black "Lokesh, N.."]
[Result "0-1"]
[WhiteElo "2460"]
[BlackElo "2264"]
[Annotator "TA"]
[PlyCount "82"]
[EventDate "2020.01.09"]
[EventType "swiss"]
[EventCountry "IND"]
[SourceTitle "playchess.com"]
[Source "ChessBase"]
[SourceQuality "1"]

{[%evp 9,82,-5,16,-16,-18,-20,-27,-40,-44,-46,-36,-43,-52,-64,-47,-67,-43,-75,0,-44,-39,-38,-48,-153,-136,-146,-131,-155,-86,-88,-65,-103,-106,-84,-79,-101,-35,-89,-91,-211,-58,-51,20,8,29,27,120,120,118,136,141,-685,-645,-681,-679,-683,-679,-676,-641,-776,-776,-735,-726,-764,-754,-793,-798,-798,-790,-1612,-1170,-1036,-979,-29986,-29987]} 1. d4 Nf6 2. Nf3 d5 3. c4 e6 4. Bg5 dxc4 5. Qa4+ Nbd7 6. Nc3 {D30: Queen's Gambit Declined: Systems without Nc3} (6. e3 {keeps more tension.} a6 7. Bxc4 Be7 8. O-O O-O 9. Qc2) 6... a6 7. Bxf6 gxf6 8. Qxc4 {Black has an edge.} (8. e3 b5 9. Nxb5 axb5 10. Qxa8 Bb4+ 11. Kd1 Nb6 12. Qe4 O-O 13. h4 {½-½ (59) Radjabov,T (2759)-Kramnik,V (2753) Moscow 2019}) 8... b5 9. Qd3 Bb7 10. e3 $146 ({Predecessor:} 10. g3 c5 11. Bg2 Bg7 12. O-O cxd4 13. Qxd4 {0-1 (43) Al Zendani,Z (2398)-Moradiabadi,E (2575) Guangzhou 2010}) 10... c5 11. Be2 Bg7 12. O-O O-O 13. Rad1 cxd4 (13... f5 $17) 14. exd4 Nb6 15. Nd2 f5 16. Nb3 (16. Bf3 $1 $15 Bxf3 17. Nxf3) 16... b4 $1 $17 17. Nc5 Bc6 $36 {[%mdl 2048] Black has strong initiative.} 18. Nb1 {[#]} Bb5 ({Black should play} 18... Qg5 $1 {[%csl Gc6][%cal Rg5g2][%mdl 512]} 19. Bf3 Bxf3 20. Qxf3 Rfd8) 19. Qc2 Nd5 20. a4 Bxe2 21. Qxe2 a5 22. g3 Rc8 (22... Nb6 $17 23. Qb5 Qb8) 23. Rd3 {[#]} (23. Nd2 $15) 23... e5 $1 {[%mdl 512]} 24. Qh5 {[#]} (24. Rdd1 $17) (24. dxe5 Rxc5) 24... exd4 $2 ({Black should try} 24... e4 $1 $19 {[%cal Re4d3]} 25. Rd2 e3) 25. Nb3 $15 Nf6 (25... Nb6 $15 26. Rf3 Rc2 27. Nxa5 Nxa4 28. Rxf5 Qe7) 26. Qxf5 $11 Qd7 27. Qxa5 Qh3 (27... Ra8 $1 $11 28. Qg5 Qg4 29. Qxg4 Nxg4) 28. N1d2 $16 Ng4 {[%csl Gg4][%cal Rh3h2]} 29. Nf3 Rc2 {Threatens to win with ...Ne3!} 30. Qf5 $2 {[%mdl 8192]} (30. Rd2 $16 d3 31. Rxc2 (31. Rxd3 Rc6 $18) (31. Qxb4 Rc6 $14) 31... dxc2 32. Qc5 (32. Qxb4 Rd8 $11)) 30... Nxf2 $1 $19 {[%mdl 64] Discovered Attack} 31. Qxh3 Nxh3+ 32. Kh1 {Threatening Rd2.} Nf2+ 33. Rxf2 Rxf2 34. Nbd2 Rc8 35. Kg1 Re2 36. Kf1 Re3 37. Ne1 Rc1 38. Rxe3 dxe3 {[%mdl 64] Discovered Attack} 39. Nb3 Rb1 40. Nc5 Rxb2 41. Ned3 e2+ {Accuracy: White = 42%, Black = 46%.} 0-1

[Event "18th Delhi GM Open 2020"]
[Site "Delhi"]
[Date "2020.01.13"]
[Round "7.19"]
[White "Pantsulaia, Levan"]
[Black "Srija, Seshadri"]
[Result "1-0"]
[WhiteElo "2598"]
[BlackElo "2225"]
[Annotator "TA"]
[PlyCount "55"]
[EventDate "2020.01.09"]
[EventType "swiss"]
[EventCountry "IND"]
[SourceTitle "playchess.com"]
[Source "ChessBase"]
[SourceQuality "1"]

{[%evp 13,55,30,20,29,109,116,182,166,170,167,165,155,164,155,179,177,166,187,164,161,271,249,300,285,302,292,287,280,347,356,468,484,409,229,478,478,478,478,478,477,764,747,943,769]} 1. Nf3 d5 2. g3 c6 3. c4 Bf5 4. cxd5 cxd5 5. Qb3 Qc8 6. Nc3 e6 7. Bg2 Nf6 8. O-O {A11: English Opening: 1...c6} (8. d3 Be7 9. Bf4 O-O 10. Rc1 Nc6 11. O-O Nh5 12. Be3 Qd7 13. Nd4 Bg6 14. Nxc6 bxc6 15. Na4 f5 {1-0 (32) Ruck,R (2572)-Zilka,S (2549) Ruzomberok 2014}) 8... Nbd7 (8... Nc6 $11 {keeps the balance.}) 9. d4 $146 ({Predecessor:} 9. d3 Nc5 10. Qc2 h6 11. Bf4 a6 12. Rfc1 Qd8 13. Na4 Nxa4 14. Qxa4+ b5 15. Qc2 Be7 {1-0 (23) Kunsztowicz,U (2330)-Dettmann,G Germany 1992}) 9... h6 (9... Qc6 $16) 10. Bf4 $1 $18 {White is clearly better.} g5 11. Be5 $1 Nxe5 12. Nxe5 Bd6 {[#]} 13. Rfc1 $1 Qb8 {[#]} 14. Nb5 $1 {And now Rc8+! would win.} O-O 15. Nxd6 {[%mdl 64] Discovered Attack, Overworked Piece} Qxd6 16. Qxb7 Rab8 (16... Qb8 $142 17. Qe7 Kg7) 17. Qxa7 Rxb2 18. Rc7 Qb6 {aiming for ...Rb1+.} 19. Rxf7 Qxa7 20. Rxa7 Rxe2 21. a4 {[%cal Ba2a4,Ba4a5,Ba5a6][%mdl 32]} Rb8 22. Bf1 Reb2 23. Nc6 (23. a5 $142) 23... R8b3 $2 (23... Rb1 {is a better defense.} 24. Rxb1 (24. Nxb8 $2 Rxa1 25. Kg2 g4 $19) 24... Rxb1 25. Ne7+ Kf8 26. Nxf5 exf5) 24. Ne7+ {White is clearly winning.} Kf8 25. Nxf5 exf5 26. a5 Ng4 (26... Rb8 $142 27. a6 Rb1 28. Rxb1 Rxb1) 27. a6 Rxf2 28. Rb7 {Accuracy: White = 89%, Black = 37%.} 1-0

[Event "18th Delhi GM Open 2020"]
[Site "Delhi"]
[Date "2020.01.13"]
[Round "7.20"]
[White "Ponkratov, Pavel"]
[Black "Navalgund, Niranjan"]
[Result "1-0"]
[WhiteElo "2622"]
[BlackElo "2246"]
[Annotator "TA"]
[PlyCount "99"]
[EventDate "2020.01.09"]
[EventType "swiss"]
[EventCountry "IND"]
[SourceTitle "playchess.com"]
[Source "ChessBase"]
[SourceQuality "1"]

{[%evp 16,99,38,33,39,30,33,31,27,33,29,27,37,30,83,11,35,22,28,22,25,21,25,32,44,29,70,75,113,115,146,145,300,300,287,237,218,126,139,118,132,84,77,84,92,81,174,174,174,174,173,169,168,173,154,149,194,177,168,158,224,211,243,231,245,228,515,483,614,597,1041,977,766,812,5065,5045,5048,4340,2168,2653,4698,4695,4694,4670,4656,4638]} 1. d4 d5 2. c4 e6 3. Nc3 c5 4. cxd5 exd5 5. Nf3 Nf6 6. g3 Nc6 7. Bg2 cxd4 8. Nxd4 Bc5 9. Nb3 Bb6 {D33: Tarrasch Defence: 6 g3 sidelines} 10. O-O d4 11. Na4 O-O {White is slightly better.} 12. Bg5 Re8 13. Nxb6 (13. Re1 h6 14. Nxb6 axb6 15. Bxc6 bxc6 16. Bxf6 Qxf6 17. Qxd4 {1-0 (33) Carlsen,M (2872)-Dubov,D (2690) Moscow 2019}) 13... axb6 14. e3 d3 {[#]} (14... dxe3 $11 15. Bxe3 Bd7) 15. a3 $146 (15. Bxf6 $1 $16 gxf6 16. a3) ({Predecessor:} 15. Bxf6 gxf6 16. a3 Be6 17. Rc1 {½-½ (28) Nakamura,H (2761)-Dubov,D (2690) Moscow 2019}) 15... Bf5 16. Qf3 Be4 17. Bxf6 $1 Bxf3 18. Bxd8 Bxg2 19. Kxg2 Raxd8 20. Rfd1 Rd5 21. Rac1 f5 22. Rc3 Red8 {[#]} 23. Nd4 $1 {[%mdl 512]} Nxd4 $2 (23... R8d7 $16 {keeps fighting.} 24. Rcxd3 (24. Nxc6 bxc6 25. Rxc6 b5 $16) 24... g6) 24. Rcxd3 $18 {[%mdl 64] Pin} Rb5 25. R1d2 ({Not} 25. Rxd4 Rxd4 26. Rxd4 (26. exd4 Kf7 $16) 26... Rxb2 $16) (25. exd4 Rxb2 26. d5 g6 $14) 25... Kf7 26. Rxd4 (26. b4 $18) 26... Rxd4 $16 27. exd4 $18 {[%mdl 4096] Endgame KR-KR} Rb3 28. d5 Ke7 29. d6+ Kd7 30. h4 h5 (30... g6 $16) 31. Rd5 g6 32. Rd2 b5 33. Kf1 f4 34. Kg2 ({But not} 34. gxf4 $6 b4 $14) 34... fxg3 {[#]} 35. f3 $1 Re3 36. Kxg3 Re5 37. Kf4 Rf5+ (37... Rc5 $16 38. Rd4 b6) 38. Ke4 Rf6 39. Rd5 Re6+ 40. Kf4 Rf6+ $2 {[#]} (40... b4 41. axb4 Re2) 41. Kg5 $1 {White is clearly winning.} Rxf3 42. Kxg6 Rb3 43. Rd2 b4 44. axb4 {[%cal Ba3b4,Bb4b5][%mdl 32]} Rg3+ 45. Kxh5 Rg1 46. Kh6 Rg4 47. h5 Rg3 48. Rd5 Rg2 49. b5 b6 50. Rg5 {Accuracy: White = 85%, Black = 30%.} 1-0

[Event "18th Delhi GM Open 2020"]
[Site "Delhi"]
[Date "2020.01.13"]
[Round "7.21"]
[White "Souhardo Basak"]
[Black "Karthikeyan, Murali"]
[Result "0-1"]
[WhiteElo "2254"]
[BlackElo "2606"]
[Annotator "TA"]
[PlyCount "86"]
[EventDate "2020.01.09"]
[EventType "swiss"]
[EventCountry "IND"]
[SourceTitle "playchess.com"]
[Source "ChessBase"]
[SourceQuality "1"]

{[%evp 24,86,37,37,62,36,63,0,0,0,0,0,0,0,0,0,0,0,0,-92,-86,-295,-218,-337,-241,-238,-243,-241,-214,-293,-335,-329,-315,-309,-276,-521,-393,-379,-392,-355,-216,-219,-193,-208,-208,-649,-601,-564,-498,-498,-498,-498,-498,-498,-498,-591,-572,-601,-498,-1128,-1613,-1175,-1151,-29990,-29987]} 1. e4 c5 2. Nf3 Nc6 3. d4 cxd4 4. Nxd4 Nf6 5. Nc3 d6 6. Bg5 a6 7. Qd2 e6 8. O-O-O Bd7 9. f4 b5 10. Bxf6 gxf6 11. Kb1 Qb6 12. Nxc6 Bxc6 13. f5 O-O-O {B67: Sicilian: Richter-Rauzer: 7...a6 8 0-0-0 Bd7, lines without 9 f4 Be7} (13... h5 14. fxe6 fxe6 15. Bd3 O-O-O 16. Ne2 Qc5 17. Rhf1 Qe5 18. Qe3 Kb7 19. Nd4 Bd7 20. c3 Be7 21. Bc2 {1-0 (41) Anand,V (2764)-Caruana,F (2819) Paris 2019}) 14. Bd3 h5 15. h4 $146 (15. Qf4 $14) ({Predecessor:} 15. Qf4 Re8 16. Ne2 Qc5 17. Qh4 Be7 18. Qh3 e5 19. Nc3 Kb8 20. a3 Rc8 21. Rhe1 {1-0 (41) Obertin,F (2425)-Sandstroem,L (2402) ICCF email 2014}) 15... Bh6 $11 {The position is equal.} (15... b4 $5 16. Ne2 $8 Bh6 $11) 16. Qe1 $1 Bf4 17. Ne2 Be5 18. fxe6 fxe6 19. Rf1 Rdg8 20. Nf4 Kb8 21. Qe2 {[#]} (21. Qd2 $11) 21... Rg4 $1 $36 {[%mdl 2048] Black is on the roll.} 22. Nxh5 $2 (22. Qd2 $17) 22... f5 $1 $19 ({Stronger than} 22... Rxh4 23. Nxf6 Qc5 24. Ng4 $11) 23. exf5 (23. g3 {was the only defense.} Rxh5 24. exf5) 23... Rxg2 24. Qe1 Rxh5 25. fxe6 Rh8 26. h5 Qd4 {[%csl Ge5][%cal Rd4b2]} 27. c3 Qc5 {White must now prevent ...Bg3.} 28. e7 {intending Rf8+.} Re8 {Hoping for ...b4.} 29. Rf8 $2 (29. Rd2 {only move.} Rg3 30. h6) 29... Kc7 30. Rxe8 Bxe8 31. Be4 Rg7 32. h6 Rxe7 33. Qh4 Rf7 {aiming for ...Rf2.} 34. Bg6 $2 {[#]} (34. h7 Qc4 35. Qe1) 34... Rf2 $1 {[%cal Rf2b2] ( -> ...Rxb2+!)} 35. Bc2 Rh2 36. Qe4 Rxh6 37. Qa8 Qc6 38. Qa7+ Qb7 39. Qg1 Rh2 {And now ...Rxc2! would win.} 40. Re1 Qb6 41. Qg5 {[#]} (41. Qf1 $142) 41... Qf2 $1 42. Qc1 Bf4 43. Qd1 Bh5 {Accuracy: White = 33%, Black = 79%.} 0-1

[Event "18th Delhi GM Open 2020"]
[Site "Delhi"]
[Date "2020.01.13"]
[Round "7.22"]
[White "Vatsal Singhania"]
[Black "Goganov, Aleksey"]
[Result "1/2-1/2"]
[WhiteElo "2230"]
[BlackElo "2583"]
[Annotator "TA"]
[PlyCount "68"]
[EventDate "2020.01.09"]
[EventType "swiss"]
[EventCountry "IND"]
[SourceTitle "playchess.com"]
[Source "ChessBase"]
[SourceQuality "1"]

{[%evp 11,68,12,23,7,19,0,12,0,0,0,29,0,0,0,3,10,0,0,8,0,0,0,19,10,48,0,10,11,14,-6,-2,-104,-95,-97,-91,-81,-97,-115,-78,-78,-78,-72,-52,-60,-48,-63,-46,-46,0,0,0,0,0,0,0,0,0,0,0]} 1. e4 e5 2. Nf3 Nc6 3. Bc4 Bc5 4. O-O Nf6 5. d3 d6 6. c3 h6 7. a4 {[#] And now b4 would win. C54: Giuoco Piano: 4 c3 Nf6, main lines with 5 d4 and 5 d3} (7. Re1 O-O 8. h3 a6 9. a4 Ba7 10. Nbd2 Re8 11. b4 Be6 12. Bxe6 Rxe6 13. Qc2 Qd7 14. Nf1 Ne7 15. Be3 Ng6 16. Bxa7 Rxa7 {1-0 (59) Dominguez Perez,L (2758)-Wang,H (2756) Moscow 2019}) 7... a5 8. Nbd2 O-O 9. h3 Be6 10. Re1 Kh8 11. Bb3 Re8 $146 ({Predecessor:} 11... Qd7 12. Nf1 Bxb3 13. Qxb3 Ng8 14. Ng3 Nge7 15. Nh4 Qe6 {½-½ (49) Bilguun,S (2471)-Akobian,V (2643) Caleta 2019}) 12. Nc4 Ba7 13. Be3 Bxe3 14. Rxe3 Ne7 {[%cal Bc6e7,Be7g6,Bg6f4,Bf4d5][%mdl 32]} 15. d4 Ng6 16. Qc2 Nh7 17. Ncd2 Nf4 18. Nf1 Qf6 19. Bxe6 Qxe6 20. d5 Qg6 {[%csl Gf4][%cal Rg6g2]} 21. Ng3 {[#]} (21. Ne1 $1 $11) 21... Nxd5 $1 $17 {[%mdl 512]} 22. Nh4 (22. exd5 Qxc2) 22... Qf6 23. exd5 {Threatens to win with Nf3.} Qxh4 24. Nf5 {[%cal Bg3f5,Bf5d4,Bd4b5][%mdl 32]} Qf6 25. Rae1 h5 26. Nd4 g6 27. Nb5 Re7 28. Qe2 Qg7 29. f4 {[%cal Rf4e5]} Rae8 30. fxe5 $1 {The position is equal.} Rxe5 31. Rxe5 Rxe5 32. Qd2 f6 33. Rxe5 fxe5 34. Qf2 Nf6 {Accuracy: White = 54%, Black = 58%.} 1/2-1/2

[Event "18th Delhi GM Open 2020"]
[Site "Delhi"]
[Date "2020.01.13"]
[Round "7.23"]
[White "Mchedlishvili, Mikheil"]
[Black "Arpita, Mukherjee"]
[Result "1-0"]
[WhiteElo "2578"]
[BlackElo "2211"]
[Annotator "TA"]
[PlyCount "91"]
[EventDate "2020.01.09"]
[EventType "swiss"]
[EventCountry "IND"]
[SourceTitle "playchess.com"]
[Source "ChessBase"]
[SourceQuality "1"]

{[%evp 14,91,19,12,42,23,29,3,22,7,18,22,30,0,14,0,70,73,74,78,78,68,93,74,125,126,140,132,131,46,43,31,37,39,39,35,34,-6,-20,-22,-18,-49,0,0,0,0,0,0,0,-37,0,0,0,0,0,0,0,0,0,0,0,0,47,0,0,-339,0,0,0,0,258,229,264,158,221,166,137,119,287,167]} 1. d4 Nf6 2. g3 g6 3. Bg2 Bg7 4. e4 d6 5. Ne2 O-O 6. O-O e5 7. Nbc3 exd4 8. Nxd4 Nbd7 {[%cal Bb8d7,Bd7e5,Be5f3,Bf3e1][%mdl 32] B07: Pirc Defence: Miscellaneous Systems} 9. Re1 (9. h3 a6 10. a4 Re8 11. Re1 Ne5 12. f4 Ned7 13. Be3 Rb8 14. Bf2 h5 15. a5 Nh7 16. Qd2 Ndf8 17. Rad1 {0-1 (35) Bologan,V (2654)-Mamedov,R (2655) Almaty 2016}) 9... Re8 10. Bf4 Ne5 {The position is equal.} 11. h3 Bd7 12. b3 a6 $146 ({Predecessor:} 12... d5 13. a4 Qc8 14. Kh2 Nc6 15. Ndb5 Nd8 16. Qd2 {½-½ (37) Meshkov,Y (2285)-Nevostrujev,V (2385) Podolsk 1992}) 13. Be3 c5 14. Nde2 $1 Bxh3 (14... Bc6 $11) 15. Bxh3 $14 {Threatens to win with Bg2.} Nf3+ {[%mdl 64] Double Attack} 16. Kg2 Nxe1+ 17. Qxe1 Nxe4 18. Rd1 Nxc3 ({Better is} 18... Ng5) 19. Nxc3 $16 Bd4 20. Nd5 Bxe3 21. fxe3 (21. Nxe3 $16 Qg5 22. Rxd6) 21... Re5 $14 22. Qf2 {[%mdl 1024] White has compensation.} Kg7 23. Rf1 f5 24. c4 b5 25. g4 {[%cal Rg4f5]} bxc4 26. bxc4 {[%cal Rg4f5]} Qg5 27. Qf4 Qxf4 28. exf4 Re2+ 29. Kf3 Rxa2 {aiming for ...Ra3+.} 30. gxf5 Ra3+ 31. Kg2 gxf5 (31... Rb8 $5 {[%cal Rb8b2]} 32. Rf2 Rab3 $15) 32. Bxf5 Rb8 33. Rf2 $1 h5 34. Be4 Rbb3 35. f5 Rg3+ 36. Kh2 Kf7 37. f6 Rg4 38. Bf3 (38. Bf5 $5 {[%cal Rf5g4]} Rd4 39. Re2 Rxd5 40. cxd5 $14) 38... Rg5 $1 ({Wrong is} 38... Rxc4 $2 39. Bxh5+ Kf8 40. Nf4 $18) 39. Kh3 $2 {[%mdl 8192] [#]} (39. Be4 $11 Rg4 40. Bf5) 39... Rxd5 $2 (39... Rf5 $1 $19 {[%cal Rf5f3]} 40. Kg2 h4) 40. cxd5 $11 Kxf6 $19 {[%mdl 4096] Endgame KRB-KR} 41. Kg3 c4 $2 {[%mdl 8192] [#]} (41... Kg5 $11 {and Black has nothing to worry.}) 42. Kf4 $1 $18 c3 43. Be4 (43. Bxh5 $18 Ra4+ 44. Ke3+ Ke5 45. Bf7) 43... Rb3 (43... Ra5 $16 44. Ke3+ Ke7) 44. Ke3+ Ke7 45. Bc2 Ra3 $2 (45... Rb8 $16 {keeps fighting.}) 46. Ke4 {Accuracy: White = 55%, Black = 40%.} (46. Kd4 $142) 1-0

[Event "18th Delhi GM Open 2020"]
[Site "Delhi"]
[Date "2020.01.13"]
[Round "7.24"]
[White "Wagh Suyog"]
[Black "Bogdanovich, Stanislav"]
[Result "0-1"]
[WhiteElo "2219"]
[BlackElo "2562"]
[Annotator "TA"]
[PlyCount "78"]
[EventDate "2020.01.09"]
[EventType "swiss"]
[EventCountry "IND"]
[SourceTitle "playchess.com"]
[Source "ChessBase"]
[SourceQuality "1"]

{[%evp 18,78,63,30,74,67,89,67,72,55,57,-43,-50,-38,-42,-86,-71,-125,-123,-112,-87,-117,-77,-106,-92,-199,-181,-195,-173,-189,-161,-186,-168,-174,-173,-240,-231,-285,-280,-330,-325,-337,-322,-326,-335,-304,-305,-491,-471,-479,-477,-468,-408,-1404,-1413,-1478,-1486,-1702,-1616,-2329,-2364,-1776,-1576]} 1. d4 g6 2. c4 Bg7 3. Nf3 c5 4. d5 Nf6 5. Nc3 d6 6. e4 O-O 7. h3 e6 8. Bd3 exd5 9. exd5 Re8+ 10. Be3 Rxe3+ {E90: King's Indian: Classical: Early deviations and 6 h3} 11. fxe3 Qe7 12. O-O Nbd7 {White is slightly better.} 13. e4 Nh5 14. e5 $146 (14. Qd2 $14) ({Predecessor:} 14. Qd2 Ne5 15. Nxe5 Bxe5 16. Ne2 Bd7 17. Rf3 Rf8 18. Raf1 {0-1 (35) Ulko,J (2443)-Morozevich,A (2739) Moscow 2013}) 14... Nxe5 $15 15. Nxe5 Bxe5 16. Qf3 Bd7 {[%mdl 1024] Black has strong compensation.} 17. Rae1 {[#]} (17. Rab1 $142) 17... f5 $1 $17 18. Ne2 Qh4 19. b3 Kh8 20. Rb1 Re8 21. Kh1 (21. Rbd1 $17) 21... Bd4 $19 22. Nxd4 Ng3+ {[%mdl 64] [#] Double Attack} 23. Kh2 Nxf1+ 24. Bxf1 {Black must now prevent Ne6.} Qxd4 25. Rd1 Qe3 26. Qxe3 (26. Rd3 $142 Qe5+ 27. g3) 26... Rxe3 {[%mdl 4096] Endgame KRB-KRB} 27. Kg1 f4 28. Bd3 Kg7 29. Kf2 Kf6 30. Rd2 Bf5 31. Be2 Rc3 32. Bd1 $2 (32. Bf3) 32... Rd3 33. Rxd3 Bxd3 {KB-KB} 34. Kf3 Ke5 35. Kg4 (35. h4 $142) 35... Be4 {Black is clearly winning.} 36. Bf3 h6 37. a3 a5 38. Bxe4 Kxe4 39. h4 Ke5 {Accuracy: White = 27%, Black = 86%.} 0-1

[Event "18th Delhi GM Open 2020"]
[Site "Delhi"]
[Date "2020.01.13"]
[Round "7.25"]
[White "Dhananjay S"]
[Black "Lalith Babu M R"]
[Result "1/2-1/2"]
[WhiteElo "2144"]
[BlackElo "2558"]
[Annotator "TA"]
[PlyCount "73"]
[EventDate "2020.01.09"]
[EventType "swiss"]
[EventCountry "IND"]
[SourceTitle "playchess.com"]
[Source "ChessBase"]
[SourceQuality "1"]

{[%evp 22,73,3,13,19,20,30,9,27,20,56,41,62,61,71,62,147,149,170,164,140,115,139,47,241,206,213,205,226,212,295,267,297,303,322,70,70,15,15,0,0,0,0,0,0,-19,-19,-19,-19,-19,-8,-19,29994,-19]} 1. d4 Nf6 2. Nf3 g6 3. c4 Bg7 4. g3 O-O 5. Bg2 d6 6. O-O Nbd7 7. Nc3 c6 8. e4 e5 9. h3 Qb6 10. c5 dxc5 11. dxe5 Ne8 12. Na4 Qb4 {E69: King's Indian: Fianchetto: 6...Nbd7 7 0-0 e5 8 e4 c6 9 h3} (12... Qb5 13. Qc2 Nc7 14. Rd1 Ne6 15. Be3 Re8 16. Rd2 c4 17. Rad1 Nxe5 18. Nxe5 Bxe5 19. Bf1 Qa6 20. f4 {0-1 (40) Berkes,F (2636)-Bortnyk,O (2565) Gjakova 2016}) 13. Be3 c4 $146 ({Predecessor:} 13... Nc7 14. a3 Qb5 15. Qc2 Ne6 16. Rad1 Re8 17. b3 Nxe5 18. Nxe5 Bxe5 19. Nxc5 Nxc5 20. Bxc5 {½-½ (29) Lehocky,V (2066)-Bezuch,M (2210) Slovakia 2011}) 14. Rb1 Qe7 {The position is equal.} 15. Qd2 a5 16. Rfd1 Ra6 17. b3 $36 {[%mdl 2048] White has the initiative.} b5 {[#]} 18. Nb2 $1 Nxe5 ({Better is} 18... cxb3 $1 $14 19. axb3 Nc7) 19. Nxe5 $16 Qxe5 20. bxc4 Nf6 21. cxb5 cxb5 22. Nd3 (22. Bd4 $16 Qe8 23. e5) 22... Qb8 $2 (22... Nxe4 $14 23. Nxe5 Nxd2 24. Rxb5 (24. Rxd2 Bxe5 25. Rxb5 Bd6 $14) 24... Bxe5 25. Bxd2 (25. Rxe5 Nc4 $11) (25. Rxd2 Bd6 $14) 25... Bf6) 23. e5 Nd7 24. f4 b4 25. a3 Nb6 26. Bc5 ({Not} 26. axb4 Nc4 $16) 26... Rd8 {intending ...Bf5.} 27. axb4 Bf5 28. bxa5 $2 (28. b5 $18 Rxd3 {[%mdl 64] Double Attack} 29. Qf2) 28... Rxd3 $14 29. Qxd3 (29. Qb4 $14 Rxg3 30. Bxb6 Rxg2+ 31. Kxg2) 29... Bxd3 $11 30. Rxd3 Bf8 31. Bxb6 {Rd8 is the strong threat.} Bc5+ $1 {[%mdl 64] Double Attack} 32. Kh2 Bxb6 33. Rdb3 {[%mdl 64] [#] Pin} Bg1+ $1 {[%mdl 512]} 34. Kxg1 (34. Rxg1 Qxb3) 34... Qc7 35. Rb5 Rxa5 {Black wants to play ...Ra2.} 36. Rxa5 Qb8 $2 {[%mdl 8192]} (36... Qxa5 $11 37. Rb8+ Kg7) 37. Rd5 $2 {Accuracy: White = 35%, Black = 39%.} (37. Rxb8+ {mates} Kg7 {[#]} 38. Rb7 $1 {[%mdl 512]} h6 39. Raa7 h5 40. Rxf7+ Kg8 41. e6 Kh8 42. Rf8#) 1/2-1/2

[Event "18th Delhi GM Open 2020"]
[Site "Delhi"]
[Date "2020.01.13"]
[Round "7.26"]
[White "Vasquez Schroeder, Rodrigo"]
[Black "Manish Kumar"]
[Result "1-0"]
[WhiteElo "2487"]
[BlackElo "2168"]
[Annotator "TA"]
[PlyCount "73"]
[EventDate "2020.01.09"]
[EventType "swiss"]
[EventCountry "IND"]
[SourceTitle "playchess.com"]
[Source "ChessBase"]
[SourceQuality "1"]

{[%evp 24,75,49,37,36,33,43,45,85,82,88,75,93,90,88,87,137,145,179,179,225,101,271,275,259,91,93,-45,-15,-18,-33,-51,187,183,172,166,166,175,216,176,283,280,729,708,759,754,1049,1019,1141,441,449,442,29995,29995]} 1. e4 e5 2. Nf3 Nc6 3. Bb5 a6 4. Ba4 Nf6 5. O-O Be7 6. Re1 b5 7. Bb3 d6 8. c3 O-O 9. h3 Na5 10. Bc2 c5 11. d4 Qc7 12. Nbd2 Rd8 13. d5 Bf8 {C97: Closed Ruy Lopez: Chigorin Defence: 11 d4 Qc7, sidelines} 14. b3 {[#]} g6 $146 ({Predecessor:} 14... Bd7 15. Nf1 c4 16. b4 Nb7 17. N3h2 a5 18. Ng3 axb4 19. cxb4 Ra6 20. a3 Rda8 {1-0 (60) Van Delft,M (2397)-Janssen,R (2520) Netherlands 2009}) 15. Nf1 h6 {White is slightly better.} 16. Ng3 Bg7 17. Be3 Re8 18. Qd2 Kh7 19. Nh2 Bb7 20. Rf1 Re7 21. Ng4 Ng8 22. Rad1 (22. f4 $1 $18) 22... Rd8 $2 (22... Bc8 $16 {might work better.}) 23. f4 $1 $18 exf4 24. Bxf4 $2 (24. Rxf4 $18 {and the rest is easy. Hoping for Nh5!} Kh8 25. Rf3) 24... Bc8 $16 25. Nf5 (25. Nh2 $16) 25... gxf5 $15 26. exf5 {f6+ is the strong threat.} f6 $1 27. Rde1 Re5 $2 (27... Rxe1 $1 $15 28. Rxe1 c4) 28. Nxe5 $18 dxe5 29. Bxe5 Qf7 30. c4 $36 {[%mdl 2048] White is in control.} Nb7 31. Bg3 Kh8 (31... Bf8 $142 32. Bd3 Kh8) 32. Re6 Bxe6 $2 (32... Bf8 33. Rc6 (33. Rxa6 Nd6 $16) 33... Bd6) 33. fxe6 Qe7 34. Qd3 {[%csl Gc2][%cal Rd3h7]} Bf8 35. Bh4 Nd6 {[#]} 36. Rf2 (36. Rxf6 $142 $1 {[%mdl 512] White threatens Rf7 and mate.} bxc4 {[#]} (36... Nxf6 37. Bxf6+) 37. bxc4 $1 {[%mdl 512]}) 36... Qg7 {[#]} 37. Rf4 {Played: Rf2xf6} 1-0